[Event "Olympiad-40"]
[Site "Istanbul"]
[Date "2012.08.30"]
[Round "3.3"]
[White "Palac, Mladen"]
[Black "Berg, Emanuel"]
[Result "1-0"]
[WhiteElo "2599"]
[BlackElo "2576"]
[Annotator "Berg,E"]
[PlyCount "83"]
[EventDate "2012.08.28"]
[EventType "team-swiss"]
[EventRounds "11"]
[EventCountry "TUR"]
[SourceTitle "CBM 151"]
[Source "ChessBase"]
[SourceDate "2012.11.13"]
[SourceVersion "1"]
[SourceVersionDate "2012.11.13"]
[SourceQuality "1"]
[WhiteTeam "Croatia"]
[BlackTeam "Sweden"]
[WhiteTeamCountry "CRO"]
[BlackTeamCountry "SWE"]

1. e4 e6 2. d4 d5 3. Nc3 {This came as a surprise to me as I mainly had
expected 3.Nd2.} Bb4 4. e5 c5 5. a3 Bxc3+ 6. bxc3 Ne7 7. Qg4 Qc7 8. Qxg7 Rg8 9.
Qxh7 cxd4 10. Ne2 Nbc6 11. f4 dxc3 12. h4 $5 {A very common idea in this line
of the Winawer. However it's rather unusual to play it this early. While White
pushes his h-pawn forward he also creates the possibilty to develop his rook
to h3.} (12. Qd3 {has been the main choice for a long time, but after the
recent success of 12.h4 I am sure we will see more of that move in the future.
Although I have been studying similar lines rather deeply, I didn't have much
use of it now, since this move order by White makes it a different story.})
12... d4 {I played this move rather quickly, so as not to get into deep
thought too early.} (12... Bd7 {is a more flexible move for Black when after}
13. h5 O-O-O {As soon as Black castles he creates the threat of ...Nf5 when
White's queen might get trapped, so now it's time to return to d3. As a rule
White should not waste time taking the pawn on f7 under any circumstances as
it will either be a straightforward win for Black or give him very dangerous
counter chances.} (13... d4 {would transpose to the game.}) 14. Qd3 {Here
Black's main continuation is} Nf5 ({Once again} 14... d4 {transposes back to
the game.}) 15. h6 ({Now the computer's top choice is} 15. Qxc3 d4 {and here}
16. Qc4 $1 $14 {seems to bring White some advantage, although the position is
very sharp.} ({After} 16. Qd3 $6 Na5 {Black is doing well and has a lot of
active counterplay for the sacrificed pawn.})) (15. Rb1 {is another
interesting option that can be found commented on by Edouard in Mega 2012.})
15... Rg6 16. h7 Rh8 17. Be3 d4 $2 {18.Bf2 gave White a stable advantage in
1-0 Leko,P (2730)-Bartel,M (2674)/Dortmund 2012/Mega2012 Update 30 (33)} ({
However Black would have been absolutely fine after} 17... Nxe3 18. Qxe3 Rg7 {
as Leko points out in connection to his comments on Leko-Caruana in NIC
Magazine.})) 13. h5 ({I was hoping for} 13. Qd3 {when after} b6 $1 {Black is
doing fine according to theory.}) 13... Bd7 ({Now} 13... b6 $4 {1-0 (25) Abreu
Delgado,A (2470)-Marin,S (2329) Cartagena 2012}) 14. Qd3 O-O-O 15. Rb1 (15. h6
{is supposed to be even stronger which has an excellent score for White. White
tries to force Black's rook to passive defence on h8 when after} Rg6 (15... Kb8
16. h7 Rh8 17. Rb1 Bc8 18. g4 b6 19. Bg2 Bb7 20. Kf2 {gave White a clear
advantage in}) 16. h7 Rh8 17. Nxd4 Nxd4 18. Qxd4 {1/2-1/2 Matic,P (2262)-Skare,
G (2276)/Belgrade 2011/CBM 141 Extra (28); the position is a bit complicated,
but White is objectively better.}) 15... Kb8 $6 $146 (15... Nf5 $1 {would
transpose back to well known theory, usually reached via the move order 12...
Bd7 13.h5 0-0-0 14.Qd3 Nf5.}) 16. Ng3 (16. h6 $5 {might be stronger when after}
Rg6 17. h7 Rh8 18. Nxd4 $14 {White is better.}) 16... Bc8 $6 {This is simply
too passive here. My intention to sacrifice a piece on e5 simply fails as the
game will show.} ({Instead} 16... Nf5 $1 {would have been a better
continuation with the idea of Nce7 when Black has a fully playable position.})
17. Ne4 Nxe5 $2 {This is a standard idea for Black, but right here it just
doesn't work.} ({It was necessary to play} 17... f5 $1 {when} 18. exf6 Nd5 {
and Black has good practical counterplay, although White is objectively better
after} 19. Qf3 $14) 18. fxe5 Qxe5 19. Qf3 $1 {The best continuation, opening
the diagonal for the bishop on f1 as well as creating the threat Bf4.} Nd5 20.
Bc4 Ne3 {Black's counterplay comes just a bit too late.} (20... d3 {is
thematic, but does not work in view of} 21. cxd3 c2 22. Rb5 f5 23. Bxd5 exd5
24. Qf4 $1 $18) (20... f5 {is also insufficient after} 21. Bxd5 Qxd5 22. Bf4+ (
{Not} 22. Nf6 Qe5+) 22... e5 23. Nf6 Qd6 24. Nxg8 exf4 25. O-O Rxg8 26. Qxf4
$18) 21. Rb5 ({The simple} 21. Bxe3 dxe3 22. h6 $18 {also wins for White.})
21... Qc7 22. Bxe3 dxe3 (22... Qxc4 23. Rb4 $18) 23. Rc5 Qb6 24. O-O f5 (24...
e2 {was the best practical chance, but after} 25. Bxe2 f5 26. Qf4+ Ka8 27. Qc7
Qxc7 28. Rxc7 fxe4 29. Rff7 $1 $18 {White has a won endgame thanks to his
strong passed h-pawn and active rooks.}) (24... Rd4 25. Qxf7 $1 $18) 25. Qf4+
$1 {A nice intermediate check after which the win is very simple.} Ka8 26. Qxe3
Bd7 (26... fxe4 {looses to} 27. Rxc8+ Rxc8 28. Qxb6 axb6 29. Bxe6 $18 {when
the upcoming rook endgame is hopeless for Black.}) 27. Nf6 Bc6 28. Nxg8 Rxg8
29. Rf2 {Now the rest is simple for White.} f4 30. Qe5 f3 31. Bf1 fxg2 32. Bxg2
Bxg2 33. Rxg2 Qb1+ 34. Kh2 Rxg2+ 35. Kxg2 Qxc2+ 36. Kf3 Qd3+ 37. Kf4 Qd2+ 38.
Qe3 Qd6+ 39. Kg4 Qd1+ 40. Kf4 Qd6+ 41. Ke4 b6 42. Rxc3 1-0

[Event "EU-Cup 22nd"]
[Site "Fuegen"]
[Date "2006.10.10"]
[Round "3.2"]
[White "Berg, Emanuel"]
[Black "Berelowitsch, Alexander"]
[Result "1-0"]
[WhiteElo "2582"]
[BlackElo "2551"]
[Annotator "Berg,E"]
[PlyCount "55"]
[EventDate "2006.10.08"]
[EventType "team-swiss"]
[EventRounds "7"]
[EventCountry "AUT"]
[SourceTitle "CBM 115"]
[Source "ChessBase"]
[SourceDate "2006.11.15"]
[SourceVersion "1"]
[SourceVersionDate "2006.11.15"]
[SourceQuality "1"]
[WhiteTeam "Sollentuna"]
[BlackTeam "Eupen Rochade"]
[WhiteTeamCountry "SWE"]
[BlackTeamCountry "BEL"]

1. e4 e6 2. d4 d5 3. Nc3 Bb4 4. e5 c5 5. a3 Bxc3+ 6. bxc3 Qc7 {An interesting
variation that I have played with Black myself for several years now. However
lately I have switch over to  6...Ne7. I think the reason will become quite
clear after this game.} 7. Qg4 f5 ({Black has also two other choices,} 7... Ne7
{or}) (7... f6 {but White still has clearly better prospects and its not easy
to hold on to the Black position.}) 8. Qg3 Ne7 $6 {This move which I have
played with the Black pieces allready since 1992 with good results I now
consider as dubious. In my last games I have faced big trouble on the Black
side and this game is another example of what Black has to deal with.} ({
More solid is} 8... cxd4 9. cxd4 {and now} Ne7 {Now Black will castle next as
the g7-pawn cannot be taken beacuse of ...Rg8 followed by ...Qc3+. I still
believe that this variation is playable for Black, but I would definitely
prefer to be on the White side.}) 9. Qxg7 Rg8 10. Qxh7 cxd4 11. Ne2 {This is
the old mainline of the variation. Last few years White has mosly tried} (11.
Kd1 {with the idea of putting the knigh on f3 and get it more active. However
in a rapid game Anand-Curt Hansen, Middelfart SIS-MH Masters 2003 Anand
reintroduced 11.Ne2 with some new interesting ideas for White.}) 11... Nbc6 {
This is a bit more flexible than} (11... dxc3 {but usually they lead to the
same thing.}) 12. h4 {During the game I thought some time trying to remember
the game of Anand but failed to play the same moveorder. Anyway the idea is
the same and perhaps this is even more accurate.} ({Anand-C. Hansen continued} 
12. Qh5+ Ng6 (12... Kd8 {is a try to avoid the trouble of the pin, but after}
13. Bg5 $1 (13. f4 {is less clear as White now has some problems to find
squares for his bishops and especially the one on c1. In the game Baklan,
V-Borovikov,V/UKR t-ch Alushta 2002 there followed} dxc3 14. Be3 Qa5 15. Qh4 b6
16. Qf2 Ba6 17. h4 Kd7 18. Rh3 {and the players agreed to adraw.}) 13... dxc3
14. f4 {White has a very good position.}) 13. Bg5 Qxe5 14. f4 Qg7 15. h4 dxc3
16. Rd1 d4 17. Qf3 e5 18. Qd5 {with a decisive attack. WHite was even allowed
to some fireworks after} Nge7 19. Qd6 Bd7 ({I was once faced to defend this
terrible position as Black. Aware of the Anand game I decided to go for the
Novelty} 19... Kf7 {and miraculously managed to defend a half point after a
good deal of fighting chess.}) 20. Nxc3 Nc8 21. Qc7 dxc3 22. Be2 {and after}
Rh8 23. fxe5 {White soon decided the game.}) 12... dxc3 (12... Qxe5 {will be
met by} 13. Bf4 $1 (13. Qh5+ Ng6 14. Bg5 dxc3 15. f4 {transposes to the game.})
13... Qe4 14. cxd4 {nad now after} Nxd4 {White wins by means of} 15. f3 $1
Nxc2+ ({or} 15... Qxc2 16. Bd6 Ndc6 17. Rc1 Qb2 18. Rxc6) 16. Kd2 Qa4 17. Bd6 {
and Black is lost.}) 13. Bg5 Qxe5 14. Qh5+ Ng6 (14... Kd8 {is no better. White
will continue with} 15. Rh3 d4 16. Qf7 {with continuos hevy pressure.}) 15. f4
Qe4 $5 {Now Black avoids a repetion of the game of Anand and White is forces
to play by his own.} 16. Rh3 d4 $2 {This move allows White to open up the
whole position and that's just what his pair of bishops are waiting for.} ({
Better was} 16... Qxc2 {but it doesn't look either after} 17. Rxc3 Qb2 18. Rac1
$36 {with a very strong initiative for White.}) 17. Qh7 $1 {A strong
intermediate move that opens up for tacical possibilities for White.} Nge7 (
17... Nce7 {looses to} 18. h5 Rh8 19. hxg6 (19. Qg7 Rg8 20. Qxd4 $16) 19...
Rxh7 20. gxh7 Ng6 21. O-O-O {winning for White.}) 18. O-O-O $1 {A strong move
with many purposes. White defends his c2-pawn, put his king into "safety" and
activates the deadly threat of Rxd4. Thus Black is forced to open up the
center in front of his vulnerable king.} e5 (18... Rxg5 {doesn't help Black.
After} 19. hxg5 $18 {White is completely wiining as Black ha no time for long
castle.}) 19. Nxc3 $5 {In a try to find the excellent winning combination I
here give Black unnecessary chances to get back into the game. Better was the
simple} (19. fxe5 {and the win for White is rather easy, for instance} Rxg5 (
19... Qxe5 {walks into} 20. Qh5+ $1 Kd8 21. Nxd4 Nxd4 22. Re3 Rxg5 23. Qxg5 Qc5
24. Rxd4+ {with acrushing win.}) 20. hxg5 Be6 21. Nxd4 $1 Nxd4 22. Rxd4 Qxd4
23. Bb5+ Kd8 24. Rd3) 19... dxc3 20. Bb5 Rxg5 $8 {forced as after} (20... exf4
21. Rhd3 $1 $18 {Black will get mated very soon.}) 21. hxg5 Be6 ({In case of} 
21... Qxf4+ 22. Kb1 Qxg5 {Black looses after} 23. Qh8+ Qg8 (23... Ng8 {is too
passive, e.g.} 24. Rh7 $1 Be6 25. Rxb7 {and so on...}) 24. Qf6 {and now Rh8
winning the queen is to follow.}) 22. Qg7 Bd5 $1 {A very nice parade. During
the game when playing 19.Nxc3 I had seen this move, but not fully understood
the strength of it. I thought it was just a last desperate try and now it
"should just be" something crushing for White. This little missing detail in
my calculations could have cost me dearly. If it was not for my opponents
terrible timetrouble the game could have entered a second battle.} 23. Rxc3 $1
{A good decision. Now the White king is much safer, while Black still faces
some trouble. Practically the Black position is hard to defend, but if playing
accurate it should still be possible.} ({Taking material with} 23. Rh8+ $2 {
is very risky. After} Kd7 24. Rxa8 Qe3+ 25. Kb1 Qc5 {White has alot of
material, but his extremely exposed kings position force him to give back an
exchange not to get mated.} 26. Rxd5+ ({In case of} 26. Ba4 {Black simply
continues with} b5 {with the idea} 27. Bb3 Qxa3 28. Rxd5+ Kc7 29. Rxa7+ $1 Qxa7
30. Rxe5 Qg1+ 31. Ka2 Qa7+ {with perpetual checks.}) 26... Qxd5 27. Bd3 Qc5 {
Now White is under pressure and must ply accurate not to get into deep trouble.
It might continue} 28. Qf7 e4 29. Be2 Qxa3 {and here I belive only Black can
play for a win.}) 23... exf4 $4 {The decisive mistake. Now its all over for
Black. Necessary was} (23... Qxf4+ 24. Kb2 {and now} Rd8 $1 {and there is
still alot to play for.}) 24. Qh8+ Bg8 (24... Ng8 {falls to} 25. Rxd5 $1 Qxd5
26. Bc4 {winning for White.}) 25. Bc4 Kf8 (25... Qe5 {looses back one piece
after} 26. Qxe5 Nxe5 27. Bxg8 Nxg8 28. Re1 {and the knight on e5 is lost.}) 26.
Rd6 Rd8 (26... Qe5 {also looses} 27. Qh6+ Ke8 28. Qh5+ $18 Kf8 29. Rf6+) 27.
Qh6+ Ke8 28. Qh5+ {Black resigned. Mate or big material loss is to follow.} 1-0